| 000 | 00810nam a2200265 i 4500 | ||
|---|---|---|---|
| 001 | 000012045 | ||
| 003 | DO-SdBNP | ||
| 005 | 20240530073913.0 | ||
| 007 | ta | ||
| 008 | 091104s1986 dr a 001 f spa d | ||
| 040 |
_aDO-SdBNP _bspa _cBNPHU _erda |
||
| 082 |
_aRD863.44 _bC957u _222 |
||
| 100 | 1 |
_aCruz, Josefina de la _eautor _922955 |
|
| 245 | 1 | 0 |
_aUna casa en el espacio / _cJosefina de la Cruz. |
| 264 |
_a[Santo Domingo] : _b[s.n.], _c1986. |
||
| 300 |
_a156 paginas : _bilustraciones ; _c21 cm. |
||
| 336 |
_2rdacontent _atexto _btxt |
||
| 337 |
_2rdamedia _asin mediación _bn |
||
| 338 |
_2rdacarrier _avolumen _bnc |
||
| 590 | _aInventariado, 2019/VM | ||
| 650 | 0 |
_aNovela dominicana _9223 |
|
| 650 | 0 |
_aLiteratura dominicana. _967 |
|
| 910 | _aValidado. Control de calidad MFF | ||
| 942 |
_2ddc _cLBS1 |
||
| 999 |
_c11713 _d11713 |
||